Дело о всемилостивейше пожалованной награде охтенским поселянам, находившимся во время катания с гор на Елагином острове, высоча...

Доступно только в Электронных читальных залах Найти на картеНа карте
RUSMARC
00003794nmc2a22002413x 450
001d6e428e7-3ed2-4c3f-9f94-01febc2cea40
00520240130155618.0
100##$a20231012l18381838k l0rusy0189 ca
1010#$arus
102##$aRU
105##$ay###
1222#$ad
2001#$aДело о всемилостивейше пожалованной награде охтенским поселянам, находившимся во время катания с гор на Елагином острове, высочайшей фамилии
$j8 апреля - 3 мая 1838 г.
215##$a15 л.
$d36,5х26 см
251##$cДело
300##$aНа обложке указано: "Перенести по Елагиноостровскому дворцу"
371##$aДокумент не является опубликованным и широко распространяемым
461#0$1001625a9a7e-a890-4307-a7fe-826a2289a412
$12001
$aГоф-интендантская контора МИДв
$1251
$cФонд
$1852
$j470
462#0$10017fcd2e59-9b3b-475d-81ee-48da63e0f6c7
$12001
$aО награждении деньгами и вещами; формулярные списки чиновников, служащих и мастеровых
$1251
$cОпись
$1852
$j4
$l90-524
801#0$aRU
$bРГИА
$c20231012
$gRCR
801#1$aRU
$bГлавНИВЦ
$c20231012
$2rusmarc
801#2$aRU
$bПБ им. Б.Н. Ельцина
$c20240130
$gRCR
$2rusmarc
850##$aРГИА
852##$aРГИА
$eФедеральное казенное учреждение "Российский государственный исторический архив" (РГИА)
$j64
937##$hРГИА
$d12405440
$aASBIBLIO_SCAN
035##$aRusGRCC00066761
856##$uhttp://readingroom.main.prlib.ru/item.aspx?id_node=n190721470&mode=full
Формат отображения